000 00706nam a22001935i 4500
001 158534
003 ES-MaACL
005 20260304173615.0
008 040914q1890 fr |||| | fre d
080 _a771.3
245 0 0 _aTableaux simples et á mouvement pour les appareils portés au tarif 64 :
_bcatalogue nº 41.
250 _a3e éd.
260 _aParis :
_bMaison Molteni,
_c[ca. 1890] (
_eTours :
_fImp. Deslis frères)
300 _a28 p. :
_bil. ;
_c23 cm.
650 4 _aFotografía-
_xMaterial y equipo
_912958
700 1 _aMolteni, Alfred,
_d1837-1907
_9174737
852 4 _aES-MaACL
_jT-1103-F-6
_z- Enc. hol.
_z- Enc. en un vol. facticio
999 _c158534
_d158534